Business law / (Record no. 19084)
[ view plain ]
| 000 -LEADER | |
|---|---|
| fixed length control field | 00872pam a2200289 i 4500 |
| 001 - CONTROL NUMBER | |
| control field | 016260673 |
| 003 - CONTROL NUMBER IDENTIFIER | |
| control field | OSt |
| 005 - DATE AND TIME OF LATEST TRANSACTION | |
| control field | 20150322104400.0 |
| 008 - FIXED-LENGTH DATA ELEMENTS--GENERAL INFORMATION | |
| fixed length control field | 130125s2013 enka b 001 0 eng|d |
| 020 ## - INTERNATIONAL STANDARD BOOK NUMBER | |
| International Standard Book Number | 9780199671830 |
| 040 ## - CATALOGING SOURCE | |
| Original cataloging agency | StDuBDS |
| Language of cataloging | eng |
| Transcribing agency | StDuBDS |
| Modifying agency | Uk |
| 082 00 - DEWEY DECIMAL CLASSIFICATION NUMBER | |
| Classification number | 346.4207 |
| Item number | MAR |
| Edition number | 22 |
| 100 1# - MAIN ENTRY--PERSONAL NAME | |
| Personal name | Marson, James. |
| 9 (RLIN) | 32706 |
| 245 10 - TITLE STATEMENT | |
| Title | Business law / |
| Statement of responsibility, etc | James Marson. |
| 250 ## - EDITION STATEMENT | |
| Edition statement | 3rd ed. |
| 260 ## - PUBLICATION, DISTRIBUTION, ETC. (IMPRINT) | |
| Place of publication, distribution, etc | Oxford : |
| Name of publisher, distributor, etc | Oxford University Prees, |
| Date of publication, distribution, etc | c.2013. |
| 300 ## - PHYSICAL DESCRIPTION | |
| Extent | xliii, 596 p. : |
| Other physical details | ill. ; |
| Dimensions | 25 cm. |
| 500 ## - GENERAL NOTE | |
| General note | Includes QR codes. |
| 500 ## - GENERAL NOTE | |
| General note | Previous edition: 2011. |
| 504 ## - BIBLIOGRAPHY, ETC. NOTE | |
| Bibliography, etc | Includes bibliographical references and index. |
| 650 #0 - SUBJECT ADDED ENTRY--TOPICAL TERM | |
| Topical term or geographic name as entry element | Commercial law |
| Geographic subdivision | England. |
| 650 #0 - SUBJECT ADDED ENTRY--TOPICAL TERM | |
| Topical term or geographic name as entry element | Commercial law |
| Geographic subdivision | Wales. |
| 653 ## - INDEX TERM--UNCONTROLLED | |
| Resource For college | BAEPS, Business Administration |
| Arrived date list | March2015 |
| 655 ## - INDEX TERM--GENRE/FORM | |
| Form subdivision | |
| -- | 33728 |
| 942 ## - ADDED ENTRY ELEMENTS (KOHA) | |
| Source of classification or shelving scheme | Dewey Decimal Classification |
| Call number prefix | 346.4207 MAR |
| Withdrawn status | Item status | Source of classification or shelving scheme | Damaged status | Not for loan | Vendor | Home library | Current library | Shelving location | Date acquired | Source of acquisition | Cost, normal purchase price | Total Checkouts | Full call number | Barcode | Date last seen | Cost, replacement price | Koha item type | Total Renewals | Date last borrowed |
|---|---|---|---|---|---|---|---|---|---|---|---|---|---|---|---|---|---|---|---|
| Dewey Decimal Classification | Baccah | Central Library | Central Library | First floor | 22/03/2015 | 450.00 | 346.4207 MAR | 000037646 | 15/07/2025 | 562.50 | NB - Book (Non borrowing) | ||||||||
| Dewey Decimal Classification | Baccah | Central Library | Central Library | First floor | 22/03/2015 | 450.00 | 2 | 346.4207 MAR | 000037645 | 15/07/2025 | 562.50 | Book - Borrowing | 2 | 03/03/2019 | |||||
| Dewey Decimal Classification | Baccah | Central Library | Central Library | First floor | 22/03/2015 | 450.00 | 2 | 346.4207 MAR | 000037644 | 15/07/2025 | 562.50 | Book - Borrowing | 16 | 02/03/2016 | |||||
| Dewey Decimal Classification | Baccah | Central Library | Central Library | First floor | 22/03/2015 | 450.00 | 3 | 346.4207 MAR | 000037643 | 15/07/2025 | 562.50 | Book - Borrowing | 8 | 02/12/2019 | |||||
| Dewey Decimal Classification | Baccah | Central Library | Central Library | First floor | 22/03/2015 | 450.00 | 1 | 346.4207 MAR | 000037642 | 15/07/2025 | 562.50 | Book - Borrowing | 2 | 06/05/2015 | |||||
| Dewey Decimal Classification | Baccah | Central Library | Central Library | First floor | 22/03/2015 | 450.00 | 1 | 346.4207 MAR | 000037641 | 15/07/2025 | 562.50 | Book - Borrowing | 2 | 06/03/2016 | |||||
| Dewey Decimal Classification | Baccah | Central Library | Central Library | First floor | 22/03/2015 | 1 | 346.4207 MAR | 000037724 | 15/07/2025 | Book - Borrowing | 5 | 23/04/2015 | |||||||
| Dewey Decimal Classification | Baccah | Central Library | Central Library | First floor | 22/03/2015 | 346.4207 MAR | 000037723 | 15/07/2025 | Book - Borrowing | ||||||||||
| Dewey Decimal Classification | Baccah | Central Library | Central Library | First floor | 22/03/2015 | 3 | 346.4207 MAR | 000037722 | 15/07/2025 | Book - Borrowing | 2 | 04/05/2016 | |||||||
| Dewey Decimal Classification | Baccah | Central Library | Central Library | First floor | 22/03/2015 | 1 | 346.4207 MAR | 000037721 | 15/07/2025 | Book - Borrowing | 1 | 23/05/2015 |